000 00425nam a2200169 4500
003 OSt
005 20230602085754.0
008 230602b xxu||||| |||| 00| 0 eng d
020 _a9966151124
040 _c0
082 _2340.11OMO
100 _cOMONY JOHN PAUL
245 _aKey Issues in Jurisprudence
_bAn In-depth discourse on jurisprudence Problems
260 _aNairobi, Kenya
300 _axxiv,234p
942 _2ddc
_cBK
999 _c26
_d26